General equilibrium analysis of price controls: a computational approach.

Ekonomika cenovej kontroly. Rozbor výsledného efektu cenovej kontroly. Prepojenie vývoja životných nákladov v spoločnosti s ekonomikou cenovej kontroly. Ceny, kontrola, inflácia a nezamestnanosť. Vzorový model mechanizmu fungovania cenovej kontroly. Zmluvné a fixné ceny. Činitele vládnej cenovej kon...

Descrizione completa

Salvato in:
Dettagli Bibliografici
Autore principale: Nguyen, T.T
Altri autori: Whalley, J.
Natura: Capitolo di libro
Lingua:inglese
Soggetti:
Tags: Aggiungi Tag
Nessun Tag, puoi essere il primo ad aggiungerne!!

MARC

LEADER 00000naa a2200000 4500
001 r003537
005 20220819194005.8
041 0 |a eng 
044 |a US 
245 1 0 |a General equilibrium analysis of price controls: a computational approach.  |c T.T. Nguyen, J. Whalley 
520 |a Ekonomika cenovej kontroly. Rozbor výsledného efektu cenovej kontroly. Prepojenie vývoja životných nákladov v spoločnosti s ekonomikou cenovej kontroly. Ceny, kontrola, inflácia a nezamestnanosť. Vzorový model mechanizmu fungovania cenovej kontroly. Zmluvné a fixné ceny. Činitele vládnej cenovej kontroly. 
610 2 0 |a kontrola cenová 
610 2 0 |a náklady životné 
610 2 0 |a inflácia 
610 2 0 |a nezamestnanosť 
610 2 0 |a modely 
610 2 0 |a ceny voľné 
610 2 0 |a ceny pevné 
610 2 0 |a využitie počítačov 
100 1 |a Nguyen, T.T. 
700 1 |a Whalley, J.